[Event "Klaipeda-ch"]
[Site "Klaipeda"]
[Date "2017.03.12"]
[Round "9"]
[White "Zirnovas, Martynas"]
[Black "Stasius, Vidmantas"]
[Result "1-0"]
[WhiteElo "1862"]
[BlackElo "1965"]
[PlyCount "149"]
[EventDate "2017.01.22"]
[EventType "tourn"]
[EventRounds "11"]
[EventCountry "LTU"]
[SourceTitle "EXT 2019"]
[Source "ChessBase"]
[SourceDate "2018.10.10"]
[SourceVersion "1"]
[SourceVersionDate "2018.10.10"]
[SourceQuality "1"]

1. e4 c6 2. d4 d5 3. e5 c5 4. dxc5 e6 5. Be3 Nc6 6. Nf3 Nge7 7. c3 Ng6 8. Bd4 Qc7 9. Bb5 Bd7 10. Bxc6 Bxc6 11. a4 b6 12. cxb6 axb6 13. b4 Qd7 14. Bxb6 Rxa4 15. Rxa4 Bxa4 16. Qd4 Bb5 17. Na3 Be7 18. Kd2 0-0 19. Ba5 f6 20. exf6 Bxf6 21. Qc5 Ba4 22. Rc1 Ne5 23. Nxe5 Bxe5 24. Ke2 Qf7 25. h3 Qg6 26. Kf1 Bg3 27. f3 Qd3+ 28. Kg1 Bd1 29. Qd4 Be2 30. Qxd3 Bxd3 31. Rd1 Ba6 32. Bb6 Rc8 33. Nb1 Bb5 34. Bc5 Ra8 35. Nd2 Ra3 36. Nf1 Bxf1 37. Kxf1 Rxc3 38. Rb1 Rc2 39. Be3 e5 40. b5 d4 41. Bc1 Rf2+ 42. Kg1 Re2 43. Ba3 d3 44. b6 Bf2+ 45. Kh2 Kf7 46. b7 Ba7 47. b8Q Bxb8 48. Rxb8 Ra2 49. Bc5 Rc2 50. Bg1 Rc1 51. Rd8 Rd1 52. Be3 Ke7 53. Bg5+ Ke6 54. Kg3 h6 55. Be3 Ke7 56. Ra8 Re1 57. Bc5+ Kd7 58. Ra2 Kc6 59. Bf2 Rb1 60. Rd2 Rb3 61. f4 e4 62. f5 Kd5 63. Kf4 Rb1 64. Ra2 Rb5 65. Ke3 Kc4 66. Ra4+ Kb3 67. Rxe4 Rxf5 68. Be1 Kc2 69. Rc4+ Kd1 70. Bg3 Rd5 71. Ra4 d2 72. Ra1+ Kc2 73. Ra2+ Kc3 74. Rxd2 Rxd2 75. Be1 1-0

[Event "Klaipeda-ch"]
[Site "Klaipeda"]
[Date "2017.02.11"]
[Round "3"]
[White "Vaitonis, Vytautas"]
[Black "Stasius, Vidmantas"]
[Result "1/2-1/2"]
[WhiteElo "1903"]
[BlackElo "1965"]
[PlyCount "69"]
[EventDate "2017.01.22"]
[EventType "tourn"]
[EventRounds "11"]
[EventCountry "LTU"]
[SourceTitle "EXT 2019"]
[Source "ChessBase"]
[SourceDate "2018.10.10"]
[SourceVersion "1"]
[SourceVersionDate "2018.10.10"]
[SourceQuality "1"]

1. c4 b6 2. d4 Bb7 3. Nc3 e6 4. a3 d5 5. cxd5 exd5 6. Bf4 Bd6 7. Bxd6 Qxd6 8. e3 Nf6 9. Bd3 0-0 10. Rc1 c5 11. Nf3 Nc6 12. 0-0 Rfe8 13. dxc5 bxc5 14. Na4 Rad8 15. Nxc5 Bc8 16. h3 Ne5 17. Be2 Nxf3+ 18. Bxf3 Re5 19. Qd4 g5 20. Rfd1 h5 21. g4 hxg4 22. hxg4 Rde8 23. Kg2 Kg7 24. Rh1 R5e7 25. Rh5 Qe5 26. Qxe5 Rxe5 27. Nd3 R5e7 28. Rxg5+ Kh6 29. Rxd5 Nxd5 30. Bxd5 Bxg4 31. Nf4 Rd8 32. Rc5 Kg7 33. b4 Rc8 34. Bc6 Be6 35. Nxe6+ 1/2-1/2

[Event "Klaipeda-ch"]
[Site "Klaipeda"]
[Date "2017.01.22"]
[Round "1"]
[White "Ogiala, Andrius"]
[Black "Stasius, Vidmantas"]
[Result "1-0"]
[WhiteElo "1863"]
[BlackElo "1965"]
[PlyCount "73"]
[EventDate "2017.01.22"]
[EventType "tourn"]
[EventRounds "11"]
[EventCountry "LTU"]
[SourceTitle "EXT 2019"]
[Source "ChessBase"]
[SourceDate "2018.10.10"]
[SourceVersion "1"]
[SourceVersionDate "2018.10.10"]
[SourceQuality "1"]

1. c4 b6 2. Nc3 Bb7 3. e4 e6 4. d4 Bb4 5. Qc2 Qh4 6. d5 f5 7. exf5 exd5 8. Nf3 Qe4+ 9. Qxe4+ dxe4 10. Nd4 Bxc3+ 11. bxc3 a6 12. Bf4 c5 13. Nc2 d5 14. cxd5 Bxd5 15. c4 Bc6 16. Ne3 Nf6 17. Be2 Ba4 18. Rb1 Nbd7 19. 0-0 Rc8 20. g4 h6 21. h4 Bc6 22. Rfd1 Ke7 23. Bd6+ Kf7 24. g5 hxg5 25. hxg5 Ne8 26. Bg3 Ke7 27. Nd5+ Bxd5 28. Rxd5 Nc7 29. Rd2 b5 30. cxb5 Nxb5 31. Bxb5 axb5 32. Rxb5 c4 33. Rb7 Rhd8 34. Bc7 Rh8 35. Ba5 Rhd8 36. Bxd8+ Rxd8 37. Rc7 1-0

[Event "Klaipeda-ch"]
[Site "Klaipeda"]
[Date "2016.02.28"]
[Round "9"]
[White "Stasius, Vidmantas"]
[Black "Vaitonis, Vytautas"]
[Result "1/2-1/2"]
[WhiteElo "1953"]
[BlackElo "1944"]
[PlyCount "91"]
[EventDate "2016.01.10"]
[EventType "tourn"]
[EventRounds "11"]
[EventCountry "LTU"]
[SourceTitle "EXT 2017"]
[Source "ChessBase"]
[SourceDate "2016.10.25"]
[SourceVersion "1"]
[SourceVersionDate "2016.10.25"]
[SourceQuality "1"]

1. d4 Nf6 2. c4 g6 3. Nc3 d5 4. cxd5 Nxd5 5. e3 Bg7 6. Nxd5 Qxd5 7. Ne2 0-0 8. Nc3 Qd8 9. Be2 c5 10. d5 a6 11. a4 b6 12. 0-0 Bb7 13. Bf3 Nd7 14. e4 c4 15. Be3 Rc8 16. Bd4 Qc7 17. Bg4 Bxd4 18. Qxd4 Rcd8 19. Be2 Rc8 20. f4 Qc5 21. Rad1 b5 22. axb5 axb5 23. Qxc5 Rxc5 24. Ra1 b4 25. Ra7 bxc3 26. Rxb7 Nf6 27. Bf3 cxb2 28. Rxb2 c3 29. Rc2 Rc4 30. Re1 Rb8 31. e5 Nd7 32. g3 Rb2 33. Ree2 Rxc2 34. Rxc2 Nb6 35. Kf2 Rc5 36. Ke3 Nxd5+ 37. Kd4 Nb4 38. Rxc3 Rxc3 39. Kxc3 Na6 40. Kc4 Nc7 41. Kc5 h6 42. Bg4 Kf8 43. Bd7 e6 44. Bc6 Ke7 45. g4 g5 46. fxg5 1/2-1/2

[Event "Klaipeda-ch"]
[Site "Klaipeda"]
[Date "2016.02.13"]
[Round "5"]
[White "Stasius, Vidmantas"]
[Black "Sibajeva, Marija"]
[Result "0-1"]
[WhiteElo "1953"]
[BlackElo "1876"]
[PlyCount "76"]
[EventDate "2016.01.10"]
[EventType "tourn"]
[EventRounds "11"]
[EventCountry "LTU"]
[SourceTitle "EXT 2017"]
[Source "ChessBase"]
[SourceDate "2016.10.25"]
[SourceVersion "1"]
[SourceVersionDate "2016.10.25"]
[SourceQuality "1"]

1. Nf3 c5 2. g3 Nc6 3. Bg2 g6 4. c4 Bg7 5. 0-0 e6 6. e3 Nge7 7. d4 cxd4 8. exd4 d5 9. cxd5 exd5 10. Nc3 0-0 11. Re1 Bg4 12. Bg5 Re8 13. h3 Be6 14. Qd2 Qc8 15. Kh2 Nf5 16. Rac1 h6 17. g4 hxg5 18. gxf5 Bxf5 19. Qxg5 Qd7 20. Qf4 Nb4 21. Bf1 Bd3 22. Rxe8+ Rxe8 23. Ne5 Bxe5 24. dxe5 Bxf1 25. Rxf1 Nd3 26. Qd4 Nxe5 27. Qxd5 Qf5 28. f4 Qc2+ 29. Kg3 Qxb2 30. Ne4 Nc6 31. Rf2 Qa3+ 32. Rf3 Qe7 33. Nf2 Rd8 34. Qg5 Qe8 35. Qf6 Nd4 36. Rd3 Nf5+ 37. Kg2 Rxd3 38. Nxd3 Qe4+ 0-1